Conecta y comunica : expresión oral y escrita 1 /

-д хадгалсан:
Номзүйн дэлгэрэнгүй
Үндсэн зохиолч: Ramírez Corro, María de Lourdes (autor.)
Бусад зохиолчид: Garduño Bazán, Diana Ivette (autor.)
Формат: Цахим ном
Хэл сонгох:испани
Хэвлэсэн: Ciudad de México : Grupo Editorial Éxodo, 2025.
Нөхцлүүд:
Онлайн хандалт:https://elibro.unach.elogim.com/es/lc/unach/titulos/287339
Шошгууд: Шошго нэмэх
Шошго байхгүй, Энэхүү баримтыг шошголох эхний хүн болох!

MARC

LEADER 00000nam a2200000 i 4500
001 ELB287339
003 FINmELB
005 20251022125650.0
006 m o u
007 cr cn|||||||||
008 251022s2025 mx ob 000 0 spa d
020 |z 9786078947720 
035 |a (OCoLC)1546814398 
040 |a FINmELB  |b spa  |e rda  |c FINmELB 
050 1 4 |a P95  |b R177 2025 
080 |a 316.772.2 
082 0 4 |a 302.2242  |2 23 
100 1 |a Ramírez Corro, María de Lourdes,  |e autor. 
245 1 0 |a Conecta y comunica :  |b expresión oral y escrita 1 /  |c María de Lourdes Ramírez Corro, Diana Ivette Garduño Bazán. 
264 1 |a Ciudad de México :  |b Grupo Editorial Éxodo,  |c 2025. 
300 |a 1 recurso en línea (151 páginas) 
336 |a texto  |b txt  |2 rdamedia/spa 
337 |a computadora  |b c  |2 rdamedia/spa 
338 |a recurso en línea  |b cr  |2 rdacarrier/spa 
504 |a Contiene bibliografía. 
588 |a Descripción basada en metadatos suministrados por el editor y otras fuentes. 
590 |a Recurso electrónico. Santa Fe, Arg.: elibro, 2025. Disponible vía World Wide Web. El acceso puede estar limitado para las bibliotecas afiliadas a elibro. 
650 4 |a Comunicación oral. 
650 4 |a Comunicación escrita. 
655 4 |a Libros electrónicos. 
700 1 |a Garduño Bazán, Diana Ivette,  |e autor. 
797 2 |a elibro, Corp. 
856 4 0 |u https://elibro.unach.elogim.com/es/lc/unach/titulos/287339